01056 2200301 4500001002100000005001500021035002000036007000300056008004100059020002200100040002200122082001500144084001700159090002200176100003600198245018800234250004100422300005500463650003700518850001200555504003400567264003500601336002100636337003000657338002300687999002200710990002200732INLIS00000000086376720210818113910 a0010-0821000466ta210818t2021 yoia e 0 ind d a978-623-7110-87-3 aYOPDYOGbinderda04223a005.13 a005.13 DED m aCB-D.11 2021-07510 aDeddy Barnabas Lasfetoepenulis10aMachine learning dalam penelitian bidang pendidikan :bsupervised & unsupervised learning (pendekatan teoritis dan praktik menggunakan program komputer SPSS) /cDeddy Barnabas Lasfeto aEdisi pertamabCetakan pertama, 2021 ax, 162 halaman :bilustrasi, tabel, bagan ;c24 cm 4aProgram komputer--xPembelajaran aYOPDYOG aBibliografi : halaman 157-16131aYogyakarta :bTeknosain,c2021 2rdacontentateks 2rdamediaatanpa perantara 2rdacarrieravolume aCB-D.11/2021-0751 aCB-D.11/2021-0751